000 00559nam a2200193Ia 4500
008 151119s9999||||xx |||||||||||||| ||und||
082 _a823.91
082 _bGKKV26647
100 _aगार्डनर अर्ल
245 _aद मास्तर प्लँन
260 _a--
260 _b--
260 _c2006
600 _aगार्डनर अर्ल
630 _aद मास्तर प्लँन
700 _aगार्डनर अर्ल
730 _aद मास्तर प्लँन
942 _cBOOK
999 _c1079117
_d1079114